Statistics for Pesme Voyage-a i Breskvice

Click here to take the quiz!

General Stats

  • This quiz has been taken 1 093 times
  • The average score is 4 of 9

Answer Stats

Answer% Correct
2Budi tu
65%
9Beli grad
61%
4Koraci u Noći
55%
3C'est la vie
53%
1Vrati me
47%
5Dam
46%
7Pancir
45%
8Andjele
36%
6Bezimena
35%

Score Distribution

Percentile by Number Answered

Percent of People with Each Score

Your Score History

You have not taken this quiz